[Event "XIV Weekend A"]
[Site "Ceriano Laghetto ITA"]
[Date "2005.01.30"]
[Round "2"]
[White "Sbarra, Marco"]
[Black "Berni, Fabrizio"]
[Result "1-0"]
[WhiteElo "2204"]
[BlackElo "2156"]
[PlyCount "129"]
[EventDate "2005.01.29"]

1. c4 e5 2. Nc3 Nc6 3. Nf3 Nf6 4. d4 exd4 5. Nxd4 Nxd4 6. Qxd4 Be7 7. g3 O-O 8.
Bg2 d6 9. O-O Nd7 10. Nd5 Bf6 11. Nxf6+ Qxf6 12. Qxf6 Nxf6 13. Bg5 Bd7 14. Rfd1
Rae8 15. Bxf6 gxf6 16. e3 Re5 17. Rac1 Bc6 18. Bd5 Rfe8 19. Rd3 R8e7 20. Bxc6
bxc6 21. c5 dxc5 22. Ra3 Rd7 23. Rc2 c4 24. Rxa7 Rb5 25. Ra4 Rd1+ 26. Kg2 Ra1
27. Rcxc4 Rxb2 28. Rxc6 Raxa2 29. Rg4+ Kf8 30. Rf4 Rb6 31. Rxc7 Re6 32. Rb4 Re5
33. g4 Rxe3 34. Rbb7 Re6 35. Rxf7+ Kg8 36. Rg7+ Kf8 37. Rxh7 Kg8 38. Rhg7+ Kf8
39. Rgf7+ Kg8 40. h4 Ra4 41. Kg3 Ra1 42. Rfe7 Rxe7 43. Rxe7 Ra4 44. g5 f5 45.
Re5 Rg4+ 46. Kf3 Rxh4 47. Rxf5 Kg7 48. Rf4 Rh1 49. Kg4 Rg1+ 50. Kf5 Rf1 51. Rf3
Kf7 52. g6+ Kg7 53. Kg5 Rg1+ 54. Rg3 Rf1 55. f4 Rf2 56. Kf5 Rf1 57. Re3 Rf2 58.
Re7+ Kf8 59. Rf7+ Kg8 60. Kg5 Rc2 61. f5 Rg2+ 62. Kf6 Ra2 63. Re7 Ra6+ 64. Kg5
Ra1 65. Re8+ 1-0

[Event "XIV Weekend A"]
[Site "Ceriano Laghetto ITA"]
[Date "2005.01.30"]
[Round "3"]
[White "Berni, Fabrizio"]
[Black "Perissinotto, Claudio"]
[Result "1-0"]
[WhiteElo "2156"]
[BlackElo "2100"]
[PlyCount "53"]
[EventDate "2005.01.29"]

1. e4 c5 2. Nf3 d6 3. d4 cxd4 4. Nxd4 Nf6 5. Nc3 g6 6. Bc4 Bg7 7. f3 Nc6 8. Be3
O-O 9. Qd2 Bd7 10. O-O-O Rc8 11. Bb3 Ne5 12. h4 h5 13. g4 hxg4 14. h5 gxh5 15.
Bh6 Kh7 16. Bxg7 Kxg7 17. Qg5+ Ng6 18. Nf5+ Bxf5 19. exf5 Rc5 20. Ne4 Nxe4 21.
fxe4 e6 22. Qxh5 Rh8 23. Qxg4 Rh4 24. Rxh4 Qxh4 25. Qxh4 Nxh4 26. fxe6 fxe6 27.
Rxd6 1-0

[Event "XIV Weekend A"]
[Site "Ceriano Laghetto ITA"]
[Date "2005.01.30"]
[Round "3"]
[White "Gagliardi, Christian"]
[Black "Barlocco, Carlo"]
[Result "0-1"]
[WhiteElo "2091"]
[BlackElo "2156"]
[PlyCount "60"]
[EventDate "2005.01.29"]

1. Nf3 g6 2. g3 Bg7 3. Bg2 d6 4. d3 Nf6 5. O-O O-O 6. Nbd2 c5 7. e4 Nc6 8. Re1
Qc7 9. h3 Rb8 10. Nf1 b5 11. c3 b4 12. Qc2 bxc3 13. bxc3 Ba6 14. Be3 Rfc8 15.
Rab1 Nd7 16. Rxb8 Rxb8 17. d4 Qa5 18. N1d2 cxd4 19. Nxd4 Rc8 20. Qb2 Nce5 21.
N4b3 Qa4 22. Bf1 Bxf1 23. Rxf1 Rxc3 24. Bd4 Rc8 25. Qa1 Bf6 26. Rc1 Rxc1+ 27.
Qxc1 Qxa2 28. Qc3 Qa4 29. Kg2 Nc6 30. Bxf6 Nxf6 0-1

[Event "XIV Weekend A"]
[Site "Ceriano Laghetto ITA"]
[Date "2005.01.30"]
[Round "3"]
[White "Mosconi, Ariel Oscar"]
[Black "Rosin, Federico"]
[Result "0-1"]
[WhiteElo "2097"]
[BlackElo "2133"]
[PlyCount "98"]
[EventDate "2005.01.29"]

1. e4 c5 2. c3 Nf6 3. e5 Nd5 4. d4 cxd4 5. Nf3 e6 6. cxd4 b6 7. Nc3 Nxc3 8.
bxc3 Qc7 9. Bd2 Bb7 10. Bd3 d6 11. O-O Nd7 12. Re1 dxe5 13. Ng5 g6 14. f4 e4
15. Bxe4 Be7 16. Qf3 Bxe4 17. Rxe4 O-O 18. Qh3 Nf6 19. Rae1 Bd6 20. f5 exf5 21.
Qh6 Rfd8 22. R4e2 Bf8 23. Qh3 h5 24. Qf3 Re8 25. Bf4 Bd6 26. Re7 Rxe7 27. Qxa8+
Kg7 28. Rxe7 Qxe7 29. Be5 Bxe5 30. dxe5 Qxe5 31. Qh8+ Kxh8 32. Nxf7+ Kg7 33.
Nxe5 Ne4 34. c4 Nd6 35. Nc6 a5 36. c5 bxc5 37. Nxa5 Kf6 38. Kf2 Ke5 39. Ke3 g5
40. Kd3 Kd5 41. a4 f4 42. h3 g4 43. hxg4 hxg4 44. Ke2 c4 45. Kf2 Kc5 46. Ke2
Kb6 47. Nxc4+ Nxc4 48. Kd3 f3 49. gxf3 gxf3 0-1

[Event "XIV Weekend A"]
[Site "Ceriano Laghetto ITA"]
[Date "2005.01.30"]
[Round "3"]
[White "Pace, Roberto"]
[Black "Cavallini, Gianfranco"]
[Result "1-0"]
[WhiteElo "2066"]
[BlackElo "2020"]
[PlyCount "71"]
[EventDate "2005.01.29"]

1. e4 e5 2. Nf3 Nc6 3. Bb5 Bc5 4. O-O Qf6 5. Nc3 Nge7 6. d3 h6 7. a3 O-O 8. Be3
Nd4 9. Nd2 c6 10. Bc4 Ng6 11. b4 Bb6 12. Na4 Bc7 13. Nc3 d6 14. Ne2 Be6 15. c3
Nxe2+ 16. Qxe2 d5 17. exd5 cxd5 18. Bb5 Qh4 19. f3 Nf4 20. Qe1 Nxg2 21. Kxg2
Qh3+ 22. Kh1 d4 23. cxd4 e4 24. Bg1 exf3 25. Nxf3 Bd5 26. Qf2 Bb6 27. Qg3 Qh5
28. Bc4 Bc7 29. Qg2 Bc6 30. d5 Bd7 31. Bd4 g5 32. Ne5 Bh3 33. Qf3 g4 34. Qf5
Qh4 35. Qf6 Qh5 36. Rf5 1-0

[Event "XIV Weekend A"]
[Site "Ceriano Laghetto ITA"]
[Date "2005.01.30"]
[Round "3"]
[White "Ranola, Yves"]
[Black "Sbarra, Marco"]
[Result "1-0"]
[WhiteElo "2455"]
[BlackElo "2204"]
[PlyCount "61"]
[EventDate "2005.01.29"]

1. c4 e6 2. g3 d5 3. Bg2 c5 4. cxd5 exd5 5. Qb3 Nf6 6. Nc3 c4 7. Qa4+ Nc6 8. b3
cxb3 9. Nf3 bxa2 10. O-O Be7 11. Rxa2 O-O 12. d3 Re8 13. Ba3 Bxa3 14. Qxa3 Bg4
15. Rb1 Qd7 16. Nb5 Re6 17. Rab2 Bxf3 18. Bxf3 a6 19. Bg2 Qe7 20. Qa2 Rd8 21.
Nc3 b5 22. Bh3 d4 23. Nd1 Re5 24. Qxa6 Nb8 25. Qb6 Re8 26. Bf1 Ng4 27. Qxd4 h5
28. Rxb5 Rxe2 29. Rxb8 Rxb8 30. Rxb8+ Kh7 31. Bxe2 1-0

[Event "XIV Weekend A"]
[Site "Ceriano Laghetto ITA"]
[Date "2005.01.30"]
[Round "3"]
[White "Rossi, Giampiero"]
[Black "Aranovitch, Emiliano"]
[Result "1/2-1/2"]
[WhiteElo "2029"]
[BlackElo "2314"]
[PlyCount "65"]
[EventDate "2005.01.29"]

1. d4 Nf6 2. c4 c5 3. dxc5 e6 4. Nc3 Bxc5 5. Nf3 O-O 6. a3 Be7 7. e3 b6 8. Be2
Bb7 9. O-O d5 10. cxd5 Nxd5 11. Bd2 Bf6 12. Rc1 Ne7 13. Qc2 Nd7 14. Rfd1 Qb8
15. a4 Rd8 16. b4 Nd5 17. Nxd5 Bxd5 18. Bc3 Qb7 19. Bxf6 Nxf6 20. Qc7 Rac8 21.
Qxb7 Bxb7 22. Rxd8+ Rxd8 23. Rc7 Rd7 24. Rxd7 Nxd7 25. Nd2 Kf8 26. f3 Ke7 27.
Kf2 g5 28. g3 h6 29. f4 f6 30. Bf3 Ba6 31. Be2 Bb7 32. Bf3 Ba6 33. Be2 1/2-1/2

[Event "XIV Weekend A"]
[Site "Ceriano Laghetto ITA"]
[Date "2005.01.30"]
[Round "3"]
[White "Salvador, Roland"]
[Black "Bellotto, Stefano"]
[Result "1-0"]
[WhiteElo "2340"]
[BlackElo "2041"]
[PlyCount "51"]
[EventDate "2005.01.29"]

1. c4 f5 2. Nc3 Nf6 3. g3 g6 4. Bg2 Bg7 5. d4 O-O 6. Nh3 d6 7. O-O c6 8. Re1 e5
9. dxe5 dxe5 10. Qb3 Qe7 11. e4 f4 12. gxf4 Nh5 13. f5 gxf5 14. Bg5 Qf7 15.
exf5 Bxf5 16. Ne4 Bxe4 17. Rxe4 Na6 18. Rh4 Nc5 19. Qe3 Ne6 20. Be4 Bf6 21. Kh1
Kh8 22. Rg1 Rg8 23. Rxh5 Qxh5 24. Bxf6+ Ng7 25. Qg5 Qf7 26. Qh6 1-0

[Event "XIV Weekend A"]
[Site "Ceriano Laghetto ITA"]
[Date "2005.02.05"]
[Round "4"]
[White "Barlocco, Carlo"]
[Black "Ranola, Yves"]
[Result "0-1"]
[WhiteElo "2156"]
[BlackElo "2455"]
[PlyCount "72"]
[EventDate "2005.01.29"]

1. d4 Nf6 2. Nc3 d5 3. Bf4 Bf5 4. e3 e6 5. a3 Bd6 6. Bxd6 cxd6 7. Nf3 Nc6 8.
Bd3 Ne4 9. O-O Rc8 10. Nd2 Nxc3 11. bxc3 Ne7 12. c4 dxc4 13. Nxc4 O-O 14. Qd2
Qc7 15. Rfb1 b6 16. a4 e5 17. a5 Bxd3 18. cxd3 exd4 19. axb6 axb6 20. e4 Rb8
21. Rb5 d5 22. exd5 Qd7 23. Rab1 Nxd5 24. R1b3 Rfe8 25. g3 Qc6 26. f4 f6 27.
Qg2 Re1+ 28. Kf2 Re2+ 29. Kxe2 Nxf4+ 30. gxf4 Qxg2+ 31. Kd1 Qxh2 32. f5 h5 33.
Nd2 h4 34. Ne4 h3 35. Rb1 Rc8 36. R5b2 Qg1+ 0-1

[Event "XIV Weekend A"]
[Site "Ceriano Laghetto ITA"]
[Date "2005.02.05"]
[Round "4"]
[White "Bellotto, Stefano"]
[Black "Gagliardi, Christian"]
[Result "1/2-1/2"]
[WhiteElo "2041"]
[BlackElo "2091"]
[PlyCount "57"]
[EventDate "2005.01.29"]

1. e4 g6 2. d4 Bg7 3. c3 d6 4. Bc4 Nf6 5. Qe2 e5 6. dxe5 dxe5 7. Nf3 Qe7 8. O-O
O-O 9. Rd1 Nbd7 10. b4 h6 11. Nbd2 Nh5 12. Nf1 a5 13. a3 Nb6 14. Ba2 Nf4 15.
Qc2 Bg4 16. Ne3 Bxf3 17. gxf3 Qh4 18. Ng2 Nh3+ 19. Kf1 Qf6 20. Qe2 axb4 21.
axb4 Rfd8 22. Rxd8+ Rxd8 23. Bb3 Nd7 24. Be3 Nf8 25. Ra7 Rb8 26. Bd5 c6 27. Bb3
Ne6 28. Bxe6 Qxe6 29. Qa2 1/2-1/2

[Event "XIV Weekend A"]
[Site "Ceriano Laghetto ITA"]
[Date "2005.02.05"]
[Round "4"]
[White "Pace, Roberto"]
[Black "Mosconi, Ariel Oscar"]
[Result "0-1"]
[WhiteElo "2066"]
[BlackElo "2097"]
[PlyCount "72"]
[EventDate "2005.01.29"]

1. e4 e5 2. f4 exf4 3. Nf3 g5 4. Bc4 Bg7 5. d4 d6 6. O-O h6 7. Nc3 Ne7 8. h4
Ng6 9. h5 Ne7 10. g3 Nbc6 11. gxf4 g4 12. Ne5 dxe5 13. d5 Nd4 14. fxe5 Nf3+ 15.
Rxf3 gxf3 16. Qxf3 Bxe5 17. Kf2 Ng8 18. Ke2 Nf6 19. Kd3 Bg4 20. Qf2 c6 21. Bf4
Qe7 22. Re1 Nxh5 23. Bh2 Qf6 24. Qxf6 Bxf6 25. e5 Bg5 26. d6 b5 27. Bb3 Bf5+
28. Kd4 Ng7 29. Kc5 Rc8 30. a4 Ne6+ 31. Kb4 a6 32. Ka5 Bd8+ 33. Kxa6 Nc5+ 34.
Ka7 Ba5 35. Bg1 Kd7 36. e6+ fxe6 0-1

[Event "XIV Weekend A"]
[Site "Ceriano Laghetto ITA"]
[Date "2005.02.05"]
[Round "4"]
[White "Perissinotto, Claudio"]
[Black "Rossi, Giampiero"]
[Result "1/2-1/2"]
[WhiteElo "2100"]
[BlackElo "2029"]
[PlyCount "71"]
[EventDate "2005.01.29"]

1. e4 c5 2. Nf3 e6 3. d4 cxd4 4. Nxd4 a6 5. Bd3 Nf6 6. Qe2 d6 7. c4 Be7 8. Nc3
O-O 9. O-O Qc7 10. Be3 Bd7 11. Rac1 Nc6 12. Rfd1 Rfc8 13. Nxc6 Qxc6 14. b3 Qc7
15. Bd4 b6 16. e5 dxe5 17. Bxe5 Qb7 18. Bxf6 Bxf6 19. Bxh7+ Kxh7 20. Qd3+ Kg8
21. Qxd7 Rc7 22. Qd3 Rd8 23. Qe4 Rxd1+ 24. Rxd1 Qc8 25. Ne2 Rd7 26. Rxd7 Qxd7
27. g3 Qd2 28. a4 Qd1+ 29. Kg2 Qxb3 30. Qa8+ Kh7 31. Qxa6 Qd3 32. Nf4 Qe4+ 33.
Kg1 Qe1+ 34. Kg2 Qe4+ 35. Kg1 Qe1+ 36. Kg2 1/2-1/2

[Event "XIV Weekend A"]
[Site "Ceriano Laghetto ITA"]
[Date "2005.02.05"]
[Round "4"]
[White "Rosin, Federico"]
[Black "Berni, Fabrizio"]
[Result "1-0"]
[WhiteElo "2133"]
[BlackElo "2156"]
[PlyCount "113"]
[EventDate "2005.01.29"]

1. e4 c5 2. Nf3 d6 3. d4 cxd4 4. Nxd4 Nf6 5. Nc3 e6 6. Be3 Be7 7. f3 Nc6 8. Qd2
O-O 9. O-O-O Nxd4 10. Bxd4 Bd7 11. g4 Bc6 12. g5 Nd7 13. h4 Rb8 14. Rg1 b5 15.
Ne2 Ne5 16. Bxe5 dxe5 17. Qxd8 Rfxd8 18. Bh3 Bc5 19. Rgf1 Be3+ 20. Kb1 a5 21.
Nc1 b4 22. Nd3 Bb5 23. Rfe1 Bb6 24. Bf1 f6 25. gxf6 gxf6 26. b3 Bd4 27. Nb2 Bc3
28. Rxd8+ Rxd8 29. Rc1 Bxf1 30. Rxf1 Bxb2 31. Kxb2 Rd2 32. f4 exf4 33. Rxf4 Re2
34. Rxf6 Rxe4 35. h5 Kg7 36. Rf2 Re5 37. Rh2 Re4 38. c4 Kf6 39. Kc2 Ke7 40. Kd3
Re5 41. h6 Kd6 42. Kd4 Re1 43. c5+ Kc6 44. Rh5 Rd1+ 45. Kc4 Rc1+ 46. Kd4 Rc2
47. Re5 Rxa2 48. Rxe6+ Kd7 49. Ra6 Rc2 50. Rxa5 Rc3 51. Kd5 Rxb3 52. Ra7+ Kd8
53. Rxh7 Rg3 54. Rg7 Rh3 55. h7 Rh5+ 56. Kc4 Rh4+ 57. Kb3 1-0

[Event "XIV Weekend A"]
[Site "Ceriano Laghetto ITA"]
[Date "2005.02.05"]
[Round "4"]
[White "Sbarra, Marco"]
[Black "Salvador, Roland"]
[Result "1/2-1/2"]
[WhiteElo "2204"]
[BlackElo "2340"]
[PlyCount "130"]
[EventDate "2005.01.29"]

1. d4 d5 2. c4 e5 3. dxe5 d4 4. Nf3 Nc6 5. a3 Bg4 6. Nbd2 f6 7. exf6 Qxf6 8.
Nb3 h6 9. Nbxd4 O-O-O 10. e3 Bc5 11. Qa4 Nge7 12. Be2 Nxd4 13. exd4 Bxd4 14.
O-O Bb6 15. c5 Bd7 16. Qb4 a5 17. Qe1 Ba7 18. Be3 Nf5 19. Qxa5 Bb8 20. Bf4 Nd4
21. Nxd4 Qxd4 22. Bg3 h5 23. Rfd1 Qf6 24. Bf3 Bc6 25. Bxc6 Qxc6 26. Qc3 g5 27.
h4 Qg6 28. b4 Rdg8 29. Qd3 Qxd3 30. Rxd3 gxh4 31. Bxh4 c6 32. Rad1 Bc7 33. Rd7
Rg4 34. g3 Rhg8 35. Kf1 Rf8 36. Ke2 Re4+ 37. Kf1 Re3 38. R7d3 Ref3 39. R1d2 b6
40. Kg2 Rxd3 41. Rxd3 bxc5 42. Be7 c4 43. Bxf8 cxd3 44. Kf3 Be5 45. Bc5 Bb2 46.
a4 Bc1 47. Be3 Ba3 48. Bd2 c5 49. Ke4 cxb4 50. Kxd3 b3 51. Be3 Bb4 52. Bd4 Be1
53. Ke2 Bb4 54. Bb2 Kb7 55. f4 Ka6 56. f5 Ka5 57. f6 Kxa4 58. Kd3 Bd6 59. f7
Bf8 60. Kc4 Be7 61. Bg7 Bf8 62. Bxf8 b2 63. Bd6 b1=Q 64. f8=Q Qe4+ 65. Kc3 Qe3+
1/2-1/2

[Event "XIV Weekend A"]
[Site "Ceriano Laghetto ITA"]
[Date "2005.02.06"]
[Round "5"]
[White "Berni, Fabrizio"]
[Black "Bellotto, Stefano"]
[Result "1-0"]
[WhiteElo "2156"]
[BlackElo "2041"]
[PlyCount "71"]
[EventDate "2005.01.29"]

1. e4 d6 2. d4 Nf6 3. Nc3 c6 4. f4 Qa5 5. Bd3 e5 6. Nf3 Bg4 7. dxe5 dxe5 8. h3
Bxf3 9. Qxf3 Nbd7 10. f5 Bc5 11. Bd2 Qc7 12. g4 h6 13. O-O-O b5 14. h4 h5 15.
gxh5 Nxh5 16. Be3 Nf4 17. Ne2 Nxe2+ 18. Bxe2 Be7 19. Qg3 Bf6 20. Bg5 O-O-O 21.
Bxf6 gxf6 22. h5 Rdg8 23. Qa3 Qb6 24. Qd6 Qe3+ 25. Kb1 Nb8 26. Bd3 Qf3 27. Qxf6
Rxh5 28. Rhf1 Qg2 29. Qxf7 Rgh8 30. a4 Rh2 31. axb5 cxb5 32. Qxa7 R8h7 33. Qc5+
Rc7 34. Qxe5 Rxc2 35. Rc1 Rxc1+ 36. Rxc1+ 1-0

[Event "XIV Weekend A"]
[Site "Ceriano Laghetto ITA"]
[Date "2005.02.06"]
[Round "5"]
[White "Cavallini, Gianfranco"]
[Black "Rossi, Giampiero"]
[Result "0-1"]
[WhiteElo "2020"]
[BlackElo "2029"]
[PlyCount "46"]
[EventDate "2005.01.29"]

1. e4 c5 2. Nc3 e6 3. Bc4 a6 4. a4 Nc6 5. f4 d6 6. Nf3 Nf6 7. f5 d5 8. Ba2 dxe4
9. Ng5 h6 10. Nxf7 Kxf7 11. O-O Nb4 12. fxe6+ Bxe6 13. Qh5+ Ke7 14. Rxf6 gxf6
15. Bxe6 Kxe6 16. Qh3+ f5 17. Nxe4 Qd4+ 18. Nf2 Nxc2 19. Qb3+ c4 20. Qxc2 Bc5
21. d3 cxd3 22. Qd2 Rad8 23. Qe1+ Kf7 0-1

[Event "XIV Weekend A"]
[Site "Ceriano Laghetto ITA"]
[Date "2005.02.06"]
[Round "5"]
[White "Gagliardi, Christian"]
[Black "Perissinotto, Claudio"]
[Result "0-1"]
[WhiteElo "2091"]
[BlackElo "2100"]
[PlyCount "62"]
[EventDate "2005.01.29"]

1. Nf3 Nf6 2. g3 d5 3. Bg2 h6 4. O-O Bf5 5. d3 Nbd7 6. Nbd2 e5 7. Nh4 Be6 8. e4
Be7 9. Qe2 O-O 10. h3 Re8 11. Nf5 Bxf5 12. exf5 Bd6 13. Re1 e4 14. d4 e3 15.
fxe3 Bxg3 16. Rf1 c6 17. Bf3 Qe7 18. Nb3 Ne4 19. Bxe4 Qxe4 20. Qg4 Bd6 21. Qxe4
Rxe4 22. Rf3 Nf6 23. Nd2 Rh4 24. Kg2 Re8 25. Nb3 Ne4 26. Bd2 Ng5 27. Rf2 Rxh3
28. Rh1 Rg3+ 29. Kf1 Ne4 30. Rg2 Rxg2 31. Kxg2 Nxd2 0-1

[Event "XIV Weekend A"]
[Site "Ceriano Laghetto ITA"]
[Date "2005.02.06"]
[Round "5"]
[White "Mosconi, Ariel Oscar"]
[Black "Barlocco, Carlo"]
[Result "0-1"]
[WhiteElo "2097"]
[BlackElo "2156"]
[PlyCount "92"]
[EventDate "2005.01.29"]

1. e4 Nc6 2. Nf3 d6 3. d4 Nf6 4. Nbd2 Bg4 5. c3 e6 6. h3 Bh5 7. Bb5 a6 8. Ba4
Be7 9. O-O O-O 10. Re1 b5 11. Bb3 Na5 12. Bc2 c5 13. Nf1 cxd4 14. cxd4 Rc8 15.
Bb1 Nc6 16. Be3 d5 17. e5 Ne4 18. Ng3 Nxg3 19. fxg3 Qc7 20. g4 Bg6 21. Bxg6
hxg6 22. Rc1 Qa5 23. a3 b4 24. Bg5 Bxg5 25. Nxg5 Qb6 26. Nf3 bxa3 27. bxa3 Rc7
28. Qd2 Rfc8 29. Rb1 Qa7 30. Rbc1 Nxd4 31. Nxd4 Rxc1 32. Rxc1 Rxc1+ 33. Qxc1
Qxd4+ 34. Kf1 Kh7 35. Qc7 Qf4+ 36. Ke2 f6 37. Qa5 Qxe5+ 38. Kd2 Qd4+ 39. Ke2
Qc4+ 40. Kf2 d4 41. h4 e5 42. g5 Qc2+ 43. Kg1 d3 44. gxf6 d2 45. fxg7 d1=Q+ 46.
Kh2 Qdd2 0-1

[Event "XIV Weekend A"]
[Site "Ceriano Laghetto ITA"]
[Date "2005.02.06"]
[Round "5"]
[White "Salvador, Roland"]
[Black "Ranola, Yves"]
[Result "1/2-1/2"]
[WhiteElo "2340"]
[BlackElo "2455"]
[PlyCount "28"]
[EventDate "2005.01.29"]

1. e4 g6 2. d4 Bg7 3. Nf3 d6 4. Nc3 Nf6 5. Be2 O-O 6. O-O c6 7. a4 Qc7 8. e5
dxe5 9. Nxe5 Nd5 10. Nxd5 cxd5 11. Bf4 Qb6 12. Qd2 Nc6 13. Nxc6 bxc6 14. c3 a5
1/2-1/2

[Event "XIV Weekend A"]
[Site "Ceriano Laghetto ITA"]
[Date "2005.02.06"]
[Round "5"]
[White "Sbarra, Marco"]
[Black "Rosin, Federico"]
[Result "1-0"]
[WhiteElo "2204"]
[BlackElo "2133"]
[PlyCount "83"]
[EventDate "2005.01.29"]

1. d4 d5 2. c4 e6 3. Nc3 c5 4. cxd5 exd5 5. Nf3 Nc6 6. g3 Nf6 7. Bg2 Be7 8. O-O
O-O 9. Bg5 c4 10. Ne5 Be6 11. e3 Qa5 12. f4 g6 13. g4 Rad8 14. Qe1 Qc7 15. f5
Bc8 16. Bxf6 Bxf6 17. Nxd5 Rxd5 18. Bxd5 Nxe5 19. dxe5 Bxe5 20. Qh4 Qc5 21.
Rad1 Qxe3+ 22. Kh1 Bxb2 23. Rf3 Qe5 24. Rh3 Qg7 25. Bxc4 b5 26. Bxb5 Bb7+ 27.
Kg1 gxf5 28. g5 Be4 29. Bf1 Rc8 30. Bd3 Re8 31. Bc4 Be5 32. Rd7 Rf8 33. Bd3 Bb8
34. Bxe4 fxe4 35. Qxe4 Qa1+ 36. Kf2 Qxa2+ 37. Kf3 f5 38. Qd5+ Qxd5+ 39. Rxd5
Kg7 40. Rd7+ Kg6 41. Rdxh7 Kxg5 42. R7h6 1-0

[Event "XIV Weekend A"]
[Site "Ceriano Laghetto ITA"]
[Date "2005.02.06"]
[Round "6"]
[White "Barlocco, Carlo"]
[Black "Sbarra, Marco"]
[Result "1-0"]
[WhiteElo "2156"]
[BlackElo "2204"]
[PlyCount "85"]
[EventDate "2005.01.29"]

1. d4 d5 2. Nc3 Bf5 3. f3 Nf6 4. Bg5 Nbd7 5. Nxd5 Nxd5 6. e4 h6 7. Bh4 Ne3 8.
Qd3 Bxe4 9. fxe4 Nxf1 10. Qxf1 g5 11. Bg3 c5 12. Qb5 cxd4 13. Nf3 Bg7 14. O-O-O
Qb6 15. Qa4 Rd8 16. e5 O-O 17. Qxd4 Qa5 18. Qd5 Qxd5 19. Rxd5 g4 20. Rhd1 gxf3
21. gxf3 e6 22. Rxd7 Rxd7 23. Rxd7 Rb8 24. f4 h5 25. Kd2 Bh6 26. Ke3 Kg7 27. c3
a5 28. c4 b5 29. c5 Rc8 30. Kd4 h4 31. Bxh4 Bxf4 32. Rb7 b4 33. Bf6+ Kg6 34. h4
Bc1 35. b3 Bb2+ 36. Kc4 Kf5 37. Rxf7 Bxe5 38. Bxe5+ Kxe5 39. Kb5 Rb8+ 40. Kc6
a4 41. Rd7 axb3 42. axb3 Rc8+ 43. Kb6 1-0

[Event "XIV Weekend A"]
[Site "Ceriano Laghetto ITA"]
[Date "2005.02.06"]
[Round "6"]
[White "Bellotto, Stefano"]
[Black "Cavallini, Gianfranco"]
[Result "1-0"]
[WhiteElo "2041"]
[BlackElo "2020"]
[PlyCount "81"]
[EventDate "2005.01.29"]

1. e4 a6 2. d4 b5 3. Be3 Bb7 4. Bd3 f5 5. exf5 Bxg2 6. Qh5+ g6 7. fxg6 Bg7 8.
Qg4 Bxh1 9. gxh7 Kf8 10. hxg8=R+ Kxg8 11. f3 e6 12. Bg5 Qe8 13. h4 Qh5 14. Qxh5
Rxh5 15. c3 Kf7 16. Kf2 Bf6 17. Nh3 Rxh4 18. Bxh4 Bxh4+ 19. Ke3 Nc6 20. Nd2 Bg2
21. Nf4 Rg8 22. Bg6+ Ke7 23. Rg1 Bg5 24. Rxg2 Rxg6 25. Kd3 Bxf4 26. Rxg6 d5 27.
Nb3 a5 28. Nc5 Nd8 29. Rg7+ Nf7 30. b3 e5 31. Rg6 exd4 32. cxd4 Bd6 33. Re6+
Kd8 34. f4 a4 35. bxa4 bxa4 36. Nxa4 Kd7 37. Re2 Nh6 38. Nc5+ Kc6 39. Rc2 Kb5
40. a4+ Kb4 41. Rb2+ 1-0

[Event "XIV Weekend A"]
[Site "Ceriano Laghetto ITA"]
[Date "2005.02.06"]
[Round "6"]
[White "Perissinotto, Claudio"]
[Black "Mosconi, Ariel Oscar"]
[Result "0-1"]
[WhiteElo "2100"]
[BlackElo "2097"]
[PlyCount "54"]
[EventDate "2005.01.29"]

1. e4 e5 2. Nf3 Nc6 3. Bb5 f5 4. Nc3 Nf6 5. d4 fxe4 6. Nxe5 Bd6 7. Nxc6 bxc6 8.
Bc4 Bb4 9. Bd2 d5 10. Be2 Bd6 11. O-O O-O 12. f3 c5 13. Be3 cxd4 14. Bxd4 exf3
15. Bxf3 c6 16. Bxf6 Rxf6 17. Bxd5+ cxd5 18. Rxf6 Bc5+ 19. Rf2 Bxf2+ 20. Kxf2
Qb6+ 21. Ke1 Bb7 22. Qd3 Re8+ 23. Kd2 Qh6+ 24. Kd1 Qxh2 25. Rc1 Qxg2 26. Ne2
Bc8 27. Kd2 Qg5+ 0-1

[Event "XIV Weekend A"]
[Site "Ceriano Laghetto ITA"]
[Date "2005.02.06"]
[Round "6"]
[White "Ranola, Yves"]
[Black "Berni, Fabrizio"]
[Result "1-0"]
[WhiteElo "2455"]
[BlackElo "2156"]
[PlyCount "80"]
[EventDate "2005.01.29"]

1. c4 e5 2. g3 Nc6 3. Bg2 g6 4. Nc3 Bg7 5. e4 d6 6. Nge2 Nge7 7. O-O O-O 8. d3
f5 9. Nd5 Be6 10. Be3 Qd7 11. Qd2 Rf7 12. Rae1 a5 13. b3 Raf8 14. f3 b6 15. a3
Kh8 16. b4 axb4 17. axb4 Ng8 18. exf5 Bxf5 19. g4 Be6 20. h3 h5 21. Nec3 Nd4
22. Bxd4 exd4 23. Ne4 Bh6 24. Qb2 Bg7 25. Ng5 Bxd5 26. cxd5 Re7 27. Ne6 Rfe8
28. Qe2 c6 29. f4 cxd5 30. f5 Bh6 31. Qb2 Bg7 32. Bxd5 Nf6 33. Qg2 gxf5 34. Bc6
Qc8 35. Bxe8 Rxe6 36. Bg6 Rxe1 37. Rxe1 fxg4 38. hxg4 Qxg4 39. Qxg4 hxg4 40.
Re6 Nd7 1-0

[Event "XIV Weekend A"]
[Site "Ceriano Laghetto ITA"]
[Date "2005.02.06"]
[Round "6"]
[White "Rosin, Federico"]
[Black "Salvador, Roland"]
[Result "0-1"]
[WhiteElo "2133"]
[BlackElo "2340"]
[PlyCount "68"]
[EventDate "2005.01.29"]

1. e4 c5 2. Nf3 Nc6 3. Nc3 Nf6 4. d4 cxd4 5. Nxd4 e5 6. Ndb5 d6 7. Bg5 a6 8.
Na3 b5 9. Nd5 Be7 10. Bxf6 Bxf6 11. c3 O-O 12. Bd3 Bg5 13. O-O Be6 14. Bc2 g6
15. Bb3 Na5 16. Nc2 f5 17. Qe2 Rc8 18. Rad1 fxe4 19. Qxe4 Nc4 20. Bxc4 Rxc4 21.
Qe2 Bh6 22. Nce3 Rh4 23. b3 Qg5 24. Nc7 Bh3 25. Kh1 Bc8 26. c4 Rh5 27. g3 Bh3
28. cxb5 Bxf1 29. Qxf1 Qf6 30. Ned5 Qf3+ 31. Kg1 axb5 32. Nxb5 e4 33. Qe1 Rxd5
34. Rxd5 e3 0-1

[Event "XIV Weekend A"]
[Site "Ceriano Laghetto ITA"]
[Date "2005.02.06"]
[Round "6"]
[White "Rossi, Giampiero"]
[Black "Pace, Roberto"]
[Result "0-1"]
[WhiteElo "2029"]
[BlackElo "2066"]
[PlyCount "58"]
[EventDate "2005.01.29"]

1. d4 Nf6 2. c4 e6 3. Nc3 Bb4 4. Qc2 O-O 5. a3 Bxc3+ 6. Qxc3 b6 7. f3 c5 8. Bg5
cxd4 9. Qxd4 Nc6 10. Qh4 Ne5 11. Bxf6 gxf6 12. e3 Ba6 13. Nh3 Rc8 14. b3 Ng6
15. Qd4 e5 16. Qd2 Qe7 17. Be2 Rfd8 18. O-O d5 19. cxd5 Bxe2 20. Qxe2 Rxd5 21.
b4 Rc3 22. Nf2 Kg7 23. Rfd1 Qd7 24. Qb2 Rxd1+ 25. Rxd1 Qc6 26. Re1 Rc2 27. Qa1
Nh4 28. Qd1 Qc3 29. Qa1 Qd2 0-1

[Event "LXIV C.to Italiano"]
[Site "Montecatini Terme ITA"]
[Date "2005.01.29"]
[Round "1"]
[White "Bruno, Fabio"]
[Black "Rossi, Carlo"]
[Result "1/2-1/2"]
[WhiteElo "2379"]
[BlackElo "2367"]
[PlyCount "105"]
[EventDate "2005.01.29"]

1. c4 Nc6 2. Nc3 d6 3. g3 e5 4. Bg2 Nge7 5. d3 Nf5 6. Nf3 Be7 7. Nd5 O-O 8. e3
Kh8 9. d4 Bf6 10. Nxf6 Qxf6 11. d5 Nb8 12. e4 Nh6 13. Bg5 Qg6 14. O-O Bg4 15.
Qd2 Bxf3 16. Bxf3 Nd7 17. Bg2 Nc5 18. f3 a5 19. Bh3 Ng8 20. Rae1 h6 21. Be3 Ne7
22. Kh1 b6 23. Bxc5 bxc5 24. f4 Qh5 25. Qg2 Rab8 26. Bd7 Rbd8 27. Ba4 f6 28. g4
Qg6 29. f5 Qg5 30. Qf2 g6 31. Bd1 gxf5 32. h4 Qc1 33. gxf5 Qxc4 34. Qd2 Kh7 35.
Qxa5 Nxd5 36. Bh5 Qb4 37. Bg6+ Kh8 38. Qa6 Nf4 39. Re3 Qd2 40. Rg3 Qxb2 41. Qc6
Qb6 42. Qa4 Qb7 43. a3 Qa8 44. Qc2 Qa6 45. Rxf4 exf4 46. Qc1 Kg7 47. Qxf4 Rh8
48. Bh5+ Kf8 49. Qg4 Rd7 50. Qg6 Qf1+ 51. Kh2 Qf2+ 52. Kh3 Qf1+ 53. Kh2 1/2-1/2

[Event "LXIV C.to Italiano"]
[Site "Montecatini Terme ITA"]
[Date "2005.01.29"]
[Round "1"]
[White "Cacco, Christian"]
[Black "Buchicchio, Giampaolo"]
[Result "0-1"]
[WhiteElo "2282"]
[BlackElo "2288"]
[PlyCount "72"]
[EventDate "2005.01.29"]

1. d4 d5 2. Nf3 Nf6 3. c4 c6 4. Nc3 a6 5. c5 Nbd7 6. Bf4 Nh5 7. Bd2 Nhf6 8. b4
g6 9. e3 Bg7 10. Be2 O-O 11. a4 a5 12. b5 Ne4 13. Qc2 f5 14. Rd1 Nxd2 15. Rxd2
e5 16. g3 e4 17. Ng1 Rf7 18. h4 h6 19. Nh3 g5 20. Bh5 Rf8 21. hxg5 hxg5 22. g4
Nf6 23. Nxg5 Nxh5 24. Rxh5 fxg4 25. Ngxe4 Bf5 26. Rxf5 Rxf5 27. Nd6 Rf6 28. Ne2
Qd7 29. Qb3 Raf8 30. Ng3 Qe7 31. Re2 Rf3 32. bxc6 bxc6 33. Qb7 Qg5 34. Kd1 Qg6
35. Qb2 Qd3+ 36. Ke1 Bh6 0-1